[Event "North American-ch U20"]
[Site "Kitchener CAN"]
[Date "2014.08.03"]
[Round "7.7"]
[White "Preotu, Razvan"]
[Black "Itkin, David"]
[Result "1-0"]
[WhiteElo "2341"]
[BlackElo "2096"]
[WhiteFideId "-1"]
[WhiteFideId "-1"]
[PlyCount "73"]
[GameId "2160767909061172"]
[EventDate "2014.07.31"]
[EventType "swiss"]
[EventRounds "9"]
[EventCountry "CAN"]
[SourceTitle "EXT 2022"]
[Source "ChessBase"]
[SourceDate "2021.10.06"]
[SourceVersion "1"]
[SourceVersionDate "2021.10.06"]
[SourceQuality "1"]

1. e4 c5 2. Nf3 d6 3. d4 cxd4 4. Nxd4 Nf6 5. Nc3 Nc6 6. Bg5 e6 7. Qd2 Be7 8. O-O-O O-O 9. f3 Nxd4 10. Qxd4 Qa5 11. h4 a6 12. Kb1 Rd8 13. Qd2 Qc7 14. Bd3 b5 15. g4 b4 16. Ne2 Bb7 17. Qe1 Qc5 18. Ng3 d5 19. e5 Nd7 20. f4 a5 21. f5 a4 22. f6 gxf6 23. exf6 Nxf6 24. Qe5 Nd7 25. Qf4 b3 26. Bxh7+ Kxh7 27. Qxf7+ Kh8 28. Qh5+ Kg8 29. Qg6+ Kh8 30. Qh6+ Kg8 31. Qxe6+ Kh8 32. Qh6+ Kg8 33. Qg6+ Kh8 34. Nf5 bxc2+ 35. Ka1 cxd1=Q+ 36. Rxd1 Bf8 37. Bh6 1-0

[Event "North American-ch U20"]
[Site "Kitchener CAN"]
[Date "2014.08.03"]
[Round "8.5"]
[White "Cao, Jason"]
[Black "Preotu, Razvan"]
[Result "1/2-1/2"]
[WhiteElo "2177"]
[BlackElo "2341"]
[WhiteFideId "-1"]
[WhiteFideId "-1"]
[PlyCount "63"]
[GameId "2160767909061193"]
[EventDate "2014.07.31"]
[EventType "swiss"]
[EventRounds "9"]
[EventCountry "CAN"]
[SourceTitle "EXT 2022"]
[Source "ChessBase"]
[SourceDate "2021.10.06"]
[SourceVersion "1"]
[SourceVersionDate "2021.10.06"]
[SourceQuality "1"]

1. e4 c5 2. Nf3 Nc6 3. d4 cxd4 4. Nxd4 Nf6 5. Nc3 e5 6. Ndb5 d6 7. Bg5 a6 8. Na3 b5 9. Nd5 Be7 10. Bxf6 Bxf6 11. c4 b4 12. Nc2 O-O 13. g3 Bg5 14. Bg2 Be6 15. O-O a5 16. Qd3 Qb8 17. f4 Bh6 18. Nce3 Qa7 19. Kh1 Rad8 20. Nf5 Bxf5 21. exf5 Ne7 22. f6 Nxd5 23. Bxd5 g6 24. Rae1 exf4 25. gxf4 Rde8 26. Qh3 Rxe1 27. Rxe1 Qf2 28. Rf1 Qe2 29. f5 Qe3 30. Rf3 Qc1+ 31. Rf1 Qe3 32. Rf3 1/2-1/2

[Event "North American-ch U20"]
[Site "Kitchener CAN"]
[Date "2014.08.04"]
[Round "9.4"]
[White "Preotu, Razvan"]
[Black "Shi, Diwen"]
[Result "1-0"]
[WhiteElo "2341"]
[BlackElo "1934"]
[WhiteFideId "-1"]
[WhiteFideId "-1"]
[PlyCount "89"]
[GameId "2160767909061216"]
[EventDate "2014.07.31"]
[EventType "swiss"]
[EventRounds "9"]
[EventCountry "CAN"]
[SourceTitle "EXT 2022"]
[Source "ChessBase"]
[SourceDate "2021.10.06"]
[SourceVersion "1"]
[SourceVersionDate "2021.10.06"]
[SourceQuality "1"]

1. e4 c5 2. c3 d5 3. exd5 Qxd5 4. d4 e6 5. Nf3 Nc6 6. Be2 Nf6 7. Na3 Be7 8. Nb5 Qd8 9. dxc5 Bxc5 10. Qxd8+ Kxd8 11. Bf4 Nd5 12. Bg3 a6 13. Nd6 Ke7 14. Ne4 Bb6 15. O-O-O Rd8 16. c4 Nf6 17. Rxd8 Bxd8 18. Nxf6 gxf6 19. Bf4 Bb6 20. Be3 Bxe3+ 21. fxe3 b6 22. Kc2 Bb7 23. Kc3 Rg8 24. Rg1 Ne5 25. Nxe5 fxe5 26. g3 Rc8 27. b4 f5 28. a4 Bc6 29. Ra1 Bb7 30. a5 b5 31. Kb3 bxc4+ 32. Bxc4 Bd5 33. Bxd5 exd5 34. b5 Kd6 35. bxa6 d4 36. exd4 exd4 37. a7 Kd5 38. Rc1 Ra8 39. Rc7 Ke4 40. Kc4 Rd8 41. Re7+ Kf3 42. Rd7 Rxd7 43. a8=Q+ Kf2 44. Qc8 Rd6 45. Kd3 1-0

[Event "CAN-op"]
[Site "Montreal CAN"]
[Date "2014.07.19"]
[Round "1"]
[White "Preotu, Razvan"]
[Black "Humphreys, Michael"]
[Result "1/2-1/2"]
[WhiteElo "2341"]
[BlackElo "2129"]
[WhiteFideId "-1"]
[WhiteFideId "-1"]
[PlyCount "62"]
[GameId "2160767739316915"]
[EventDate "2014.07.19"]
[EventType "swiss"]
[EventRounds "9"]
[EventCountry "CAN"]

1. e4 c6 2. d4 d5 3. e5 Bf5 4. Nf3 e6 5. Be2 Ne7 6. O-O Nd7 7. Nbd2 Nc8 8. Nb3 Be7 9. a4 O-O 10. a5 a6 11. c4 Na7 12. Bd2 Be4 13. Rc1 Rc8 14. cxd5 cxd5 15. Rxc8 Qxc8 16. Qa1 Bxf3 17. Bxf3 Qc4 18. Qa2 Nb5 19. Rc1 Qd3 20. Qb1 Qxb1 21. Rxb1 Rc8 22. Be2 Nb8 23. Bd3 Kf8 24. f4 g6 25. Kf2 Nc6 26. Rc1 Nca7 27. Rxc8+ Nxc8 28. Nc5 Bxc5 29. dxc5 Nca7 30. g4 Nc6 31. h4 Nbd4 {... ended on move 44} 1/2-1/2

[Event "CAN-op"]
[Site "Montreal CAN"]
[Date "2014.07.20"]
[Round "2"]
[White "Rodriguez, Adrien"]
[Black "Preotu, Razvan"]
[Result "0-1"]
[WhiteElo "2203"]
[BlackElo "2341"]
[WhiteFideId "-1"]
[WhiteFideId "-1"]
[PlyCount "77"]
[GameId "2160767909061269"]
[EventDate "2014.07.19"]
[EventType "swiss"]
[EventRounds "9"]
[EventCountry "CAN"]
[SourceTitle "hb 2014"]

1. d4 Nf6 2. Nf3 g6 3. g3 Bg7 4. Bg2 O-O 5. O-O d6 6. c4 Nc6 7. Nc3 a6 8. h3 Rb8 9. Qc2 Bd7 10. d5 Na5 11. Nd2 c5 12. Rb1 b5 13. cxb5 axb5 14. b4 cxb4 15. Rxb4 Qc8 16. Qd3 Bxh3 17. Rxb5 Bxg2 18. Kxg2 Rxb5 19. Nxb5 Qc5 20. e4 Rc8 21. Na3 Nd7 22. Nf3 Nc4 23. Nxc4 Qxc4 24. Qxc4 Rxc4 25. Re1 Nc5 26. Bg5 f6 27. Be3 Nxe4 28. Nd4 f5 29. Ne6 Bf6 30. Rb1 Rc8 31. a4 Nc3 32. Rb4 Nxd5 33. Rb5 Nxe3+ 34. fxe3 Kf7 35. Nf4 Rc2+ 36. Kf1 Ra2 37. Ra5 Be5 38. Ne2 h5 39. Ng1 0-1

[Event "CAN-op"]
[Site "Montreal CAN"]
[Date "2014.07.20"]
[Round "3"]
[White "Preotu, Razvan"]
[Black "Gerzhoy, Leonid"]
[Result "0-1"]
[WhiteElo "2341"]
[BlackElo "2481"]
[WhiteFideId "-1"]
[WhiteFideId "-1"]
[PlyCount "80"]
[GameId "2160767909061289"]
[EventDate "2014.07.19"]
[EventType "swiss"]
[EventRounds "9"]
[EventCountry "CAN"]
[SourceTitle "hb 2014"]

1. e4 c6 2. d4 d5 3. e5 Bf5 4. Nf3 e6 5. Be2 Nd7 6. O-O Bg6 7. Nbd2 Nh6 8. Nb3 Be7 9. a4 O-O 10. a5 a6 11. c4 Nf5 12. Bf4 dxc4 13. Bxc4 c5 14. d5 b5 15. Be2 exd5 16. g4 Nh6 17. Bxh6 gxh6 18. Qxd5 Qc7 19. Rac1 Rfd8 20. Nbd4 Nxe5 21. Qxe5 Qxe5 22. Nxe5 Rxd4 23. Nc6 Rd7 24. Bf3 Rc8 25. Rcd1 Rdc7 26. Nxe7+ Rxe7 27. Rd6 b4 28. Rc1 c4 29. Rxa6 c3 30. Rb6 Rce8 31. bxc3 Re1+ 32. Kg2 Rxc1 33. cxb4 Ra1 34. a6 Be4 35. b5 Kg7 36. h3 Ra2 37. Bxe4 Rxe4 38. Rb7 Rf4 39. a7 Raxf2+ 40. Kg1 Ra2 0-1

[Event "CAN-op"]
[Site "Montreal CAN"]
[Date "2014.07.21"]
[Round "4"]
[White "Poulin, Maurice"]
[Black "Preotu, Razvan"]
[Result "0-1"]
[WhiteElo "1989"]
[BlackElo "2341"]
[WhiteFideId "-1"]
[WhiteFideId "-1"]
[PlyCount "110"]
[GameId "2160767909061310"]
[EventDate "2014.07.19"]
[EventType "swiss"]
[EventRounds "9"]
[EventCountry "CAN"]
[SourceTitle "hb 2014"]

1. e4 c5 2. Nf3 d6 3. Bb5+ Nd7 4. d4 cxd4 5. Qxd4 a6 6. Bxd7+ Bxd7 7. e5 dxe5 8. Nxe5 Bf5 9. Qa4+ b5 10. Qb3 e6 11. O-O Nf6 12. Nc3 Qc7 13. Nf3 b4 14. Qa4+ Qd7 15. Qxd7+ Nxd7 16. Ne2 Bxc2 17. Ned4 Be4 18. Be3 e5 19. Nb3 f6 20. Rac1 Bd6 21. Rfd1 Ke7 22. Nfd2 Bd5 23. Nc4 Bxc4 24. Rxc4 Rhc8 25. Rdc1 Rxc4 26. Rxc4 Ke6 27. Na5 Kd5 28. b3 Rb8 29. Rc6 Ra8 30. Rc4 Rb8 31. Rc6 Nc5 32. Bxc5 Bxc5 33. Rxa6 Ke4 34. Nc6 Rc8 35. Kf1 Kd3 36. Ke1 e4 37. Na5 e3 38. fxe3 Bxe3 39. Nc4 Bd4 40. Kd1 Rc5 41. Ra5 Rxa5 42. Nxa5 Bc3 43. Nc4 f5 44. Nb6 f4 45. Nc4 g5 46. h3 h5 47. Nb6 g4 48. hxg4 hxg4 49. Nd5 f3 50. gxf3 gxf3 51. Nf4+ Ke3 52. Nh3 f2 53. Nxf2 Kxf2 54. Kc2 Bg7 55. Kd2 Bf8 0-1

[Event "CAN-op"]
[Site "Montreal CAN"]
[Date "2014.07.22"]
[Round "5"]
[White "Preotu, Razvan"]
[Black "Vera Gonzalez Quevedo, Reynaldo"]
[Result "1-0"]
[WhiteElo "2341"]
[BlackElo "2468"]
[WhiteFideId "-1"]
[WhiteFideId "-1"]
[PlyCount "69"]
[GameId "2160767909069514"]
[EventDate "2014.07.19"]
[EventType "swiss"]
[EventRounds "9"]
[EventCountry "CAN"]
[SourceTitle "CBM 161 Extra"]
[Source "ChessBase"]
[SourceDate "2014.08.29"]
[SourceVersion "1"]
[SourceVersionDate "2014.08.29"]
[SourceQuality "1"]

1. e4 c5 2. Nf3 d6 3. d4 cxd4 4. Nxd4 Nf6 5. Nc3 a6 6. Be3 e6 7. f3 b5 8. Qd2 b4 9. Na4 Nbd7 10. O-O-O Qa5 11. b3 Bb7 12. a3 Qc7 13. axb4 d5 14. b5 e5 15. b6 Qd8 16. exd5 exd4 17. Qxd4 Bxd5 18. Bc4 Bc6 19. Bxf7+ Kxf7 20. Qc4+ Bd5 21. Rxd5 Nxd5 22. Qxd5+ Kg6 23. Qe4+ Kf7 24. Rd1 Ba3+ 25. Kb1 Qe7 26. Qd5+ Kg6 27. Qd3+ Kf6 28. g4 Qe6 29. Qd4+ Ne5 30. f4 Rhd8 31. fxe5+ Kf7 32. b7 Rxd4 33. Rf1+ Kg6 34. bxa8=Q Rxa4 35. bxa4 1-0

[Event "CAN-op"]
[Site "Montreal CAN"]
[Date "2014.07.23"]
[Round "6"]
[White "Ghaem Maghami, Ehsan"]
[Black "Preotu, Razvan"]
[Result "1-0"]
[WhiteElo "2586"]
[BlackElo "2341"]
[WhiteFideId "-1"]
[WhiteFideId "-1"]
[PlyCount "73"]
[GameId "2160767909069529"]
[EventDate "2014.07.19"]
[EventType "swiss"]
[EventRounds "9"]
[EventCountry "CAN"]
[SourceTitle "CBM 161 Extra"]
[Source "ChessBase"]
[SourceDate "2014.08.29"]
[SourceVersion "1"]
[SourceVersionDate "2014.08.29"]
[SourceQuality "1"]

1. c4 f5 2. Nf3 Nf6 3. g3 g6 4. d4 Bg7 5. b3 Ne4 6. Bg2 c5 7. O-O O-O 8. Bb2 Nc6 9. e3 e6 10. Nc3 b6 11. Qe2 Bb7 12. Rfd1 Qe7 13. Rac1 Rad8 14. d5 Bxc3 15. Rxc3 exd5 16. cxd5 Nb4 17. d6 Nxd6 18. a3 Nc6 19. b4 Ne4 20. Rcc1 d6 21. Ba1 h6 22. h4 Kh7 23. Qb2 Nf6 24. Qb1 Ba8 25. Rd2 Ne5 26. Nxe5 dxe5 27. Rxd8 Rxd8 28. Bxa8 Rxa8 29. bxc5 bxc5 30. Bxe5 Ne4 31. Rd1 Re8 32. Rd5 Qf7 33. Qb5 Re7 34. Qb8 Re8 35. Rd8 Rxd8 36. Qxd8 g5 37. h5 1-0

[Event "CAN-op"]
[Site "Montreal CAN"]
[Date "2014.07.24"]
[Round "7"]
[White "Preotu, Razvan"]
[Black "Perez Rodriguez, Luis Manuel"]
[Result "1-0"]
[WhiteElo "2341"]
[BlackElo "2387"]
[WhiteFideId "-1"]
[WhiteFideId "-1"]
[PlyCount "105"]
[GameId "2160767909069557"]
[EventDate "2014.07.19"]
[EventType "swiss"]
[EventRounds "9"]
[EventCountry "CAN"]
[SourceTitle "hb 2014"]

1. e4 e5 2. Nf3 Nc6 3. d4 exd4 4. Nxd4 Bb4+ 5. c3 Bc5 6. Be3 Bb6 7. Qg4 g6 8. Nd2 Qe7 9. Qg3 Nf6 10. Qh4 Ng8 11. Bg5 f6 12. Be3 Nxd4 13. cxd4 f5 14. Bg5 Qg7 15. Bc4 h6 16. Be3 Nf6 17. e5 Ng4 18. O-O c5 19. Nb3 g5 20. Qh5+ Kd8 21. Rad1 Re8 22. dxc5 Bc7 23. Nd4 Qxe5 24. Nf3 Qg7 25. Bd4 Ne5 26. Nxe5 Bxe5 27. Rfe1 Re7 28. Bxe5 Rxe5 29. Rxe5 Qxe5 30. Qxh6 g4 31. Qf8+ Kc7 32. Qd6+ Qxd6 33. cxd6+ Kc6 34. h4 gxh3 35. gxh3 Rb8 36. h4 b5 37. Be2 Kc5 38. Bf3 Bb7 39. Bxb7 Rxb7 40. Kg2 Rb8 41. Rh1 Kxd6 42. h5 Ke5 43. Kf3 Rh8 44. h6 Rh7 45. Rh5 a5 46. Ke3 b4 47. b3 d6 48. f3 Kf6 49. Kf4 Kg6 50. Rh1 d5 51. Ke5 Re7+ 52. Kd6 Rh7 53. Kxd5 1-0

[Event "CAN-op"]
[Site "Montreal CAN"]
[Date "2014.07.25"]
[Round "8"]
[White "Sambuev, Bator"]
[Black "Preotu, Razvan"]
[Result "1/2-1/2"]
[WhiteElo "2526"]
[BlackElo "2341"]
[WhiteFideId "-1"]
[WhiteFideId "-1"]
[PlyCount "103"]
[GameId "2160767909069581"]
[EventDate "2014.07.19"]
[EventType "swiss"]
[EventRounds "9"]
[EventCountry "CAN"]
[SourceTitle "hb 2014"]

1. g3 g6 2. Bg2 Bg7 3. e4 c5 4. Ne2 Nc6 5. O-O e6 6. c3 Nge7 7. d4 cxd4 8. cxd4 d5 9. exd5 Nxd5 10. Nbc3 Nxc3 11. bxc3 O-O 12. Rb1 Na5 13. Nf4 Bd7 14. h4 Rc8 15. Bd2 b6 16. h5 Nc4 17. hxg6 hxg6 18. Bc1 e5 19. dxe5 Bf5 20. Rb4 Qxd1 21. Rxd1 Bc2 22. Rd7 a5 23. Rxc4 Rxc4 24. e6 Bf5 25. Rxf7 Rxf4 26. Bxf4 Bxe6 27. Rb7 Bxa2 28. Rxb6 Bf7 29. Be4 Kh7 30. c4 a4 31. Ra6 a3 32. Bd5 Bxd5 33. cxd5 Rd8 34. d6 Bf8 35. Kg2 a2 36. Rxa2 Bxd6 37. Ra7+ Kg8 38. Bg5 Bc5 39. Ra5 Rc8 40. Ra6 Kf7 41. Bf6 Re8 42. Bc3 Re6 43. Ra4 g5 44. Kf3 Kg6 45. Ra8 g4+ 46. Kf4 Bxf2 47. Rg8+ Kf7 48. Rg7+ Kf8 49. Rxg4 Re3 50. Bd4 Rxg3 51. Rxg3 Bxg3+ 52. Kxg3 1/2-1/2

[Event "CAN-op"]
[Site "Montreal CAN"]
[Date "2014.07.26"]
[Round "9"]
[White "Preotu, Razvan"]
[Black "Tiviakov, Sergei"]
[Result "0-1"]
[WhiteElo "2341"]
[BlackElo "2656"]
[WhiteFideId "-1"]
[WhiteFideId "-1"]
[PlyCount "94"]
[GameId "2160767909069598"]
[EventDate "2014.07.19"]
[EventType "swiss"]
[EventRounds "9"]
[EventCountry "CAN"]
[SourceTitle "hb 2014"]

1. e4 d5 2. exd5 Qxd5 3. Nc3 Qd6 4. d4 Nf6 5. Nf3 c6 6. Ne5 Nbd7 7. Nc4 Qc7 8. Qf3 Nb6 9. Bf4 Qd8 10. Be5 Bg4 11. Qf4 Be6 12. Nxb6 Qxb6 13. O-O-O O-O-O 14. Be2 h5 15. Kb1 Ng4 16. Bxg4 hxg4 17. Qe4 Rh5 18. Bg3 Ra5 19. b3 Bf5 20. Qe3 e6 21. Ne4 Rad5 22. Qf4 Bxe4 23. Qxe4 Rxd4 24. Rxd4 Qxd4 25. Qxd4 Rxd4 26. Kb2 Bd6 27. Bxd6 Rxd6 28. Kc3 Rd5 29. h4 Kd7 30. Re1 Kd6 31. g3 Rf5 32. Re2 Rc5+ 33. Kd4 Rd5+ 34. Kc3 Rd1 35. a4 f5 36. Kc4 e5 37. c3 b6 38. b4 a6 39. Kb3 b5 40. axb5 axb5 41. Kc2 Rd5 42. Re1 e4 43. h5 Rd3 44. Re3 Rxe3 45. fxe3 Ke6 46. Kb3 Kf6 47. c4 Kg5 0-1

[Event "World op 42nd"]
[Site "Arlington"]
[Date "2014.07.04"]
[Round "4"]
[White "Preotu, Razvan"]
[Black "Gareyev, Timur"]
[Result "1-0"]
[WhiteElo "2341"]
[BlackElo "2640"]
[WhiteFideId "-1"]
[WhiteFideId "-1"]
[PlyCount "114"]
[GameId "1166658331754496"]
[EventDate "2014.07.02"]
[EventType "swiss"]
[EventRounds "9"]
[EventCountry "USA"]
[SourceTitle "CBM 161 Extra"]
[Source "ChessBase"]
[SourceDate "2014.08.29"]
[SourceVersion "1"]
[SourceVersionDate "2014.08.29"]
[SourceQuality "1"]

1. e4 e5 2. Nf3 Nc6 3. d4 exd4 4. Nxd4 Bb4+ 5. c3 Bc5 6. Be3 Bb6 7. Qg4 g6 8. Nd2 d6 9. Qg3 Bd7 10. Bb5 Qe7 11. O-O Nf6 12. Bxc6 bxc6 13. Rfe1 Nh5 14. Qf3 O-O 15. a4 Rab8 16. b4 a5 17. Nc2 Bxe3 18. Qxe3 Rfe8 19. bxa5 Ra8 20. Nb3 f5 21. Nd2 Rxa5 22. exf5 Qxe3 23. Rxe3 Rxe3 24. Nxe3 gxf5 25. Nb3 Ra6 26. a5 f4 27. Nc4 Be6 28. Ncd2 c5 29. Nc1 Kf7 30. f3 Ke7 31. Ne2 Kd7 32. Kf2 Kc6 33. g4 fxg3+ 34. hxg3 Nf6 35. Nf4 Bf7 36. g4 Nd7 37. Ke3 c4 38. Ne2 Ne5 39. Nd4+ Kd7 40. Ne4 Bg6 41. Nf6+ Kc8 42. f4 Nd7 43. Nxd7 Kxd7 44. Rh1 c5 45. Ne2 Bd3 46. f5 Rxa5 47. Rxh7+ Kc6 48. Rg7 Ra1 49. Nf4 Re1+ 50. Kd2 Rg1 51. f6 Rf1 52. Nxd3 cxd3 53. g5 c4 54. Re7 d5 55. f7 Kd6 56. Ra7 Ke6 57. g6 Rf2+ 1-0

[Event "World op"]
[Site "Arlington USA"]
[Date "2014.07.03"]
[Round "2"]
[White "Preotu, Razvan"]
[Black "Gonzalez Vidal, Yuri"]
[Result "1-0"]
[WhiteElo "2341"]
[BlackElo "2546"]
[WhiteFideId "-1"]
[WhiteFideId "-1"]
[PlyCount "149"]
[GameId "2130307669604192"]
[EventDate "2014.06.30"]
[EventType "swiss"]
[EventRounds "9"]
[EventCountry "USA"]

1. e4 c5 2. Nf3 e6 3. d4 cxd4 4. Nxd4 Nc6 5. Nc3 Qc7 6. Be3 a6 7. Qd2 Nf6 8. O-O-O b5 9. f3 Bb7 10. g4 Nxd4 11. Bxd4 Be7 12. g5 Nh5 13. Kb1 O-O 14. Ne2 Rac8 15. Bh3 f5 16. gxf6 Bxf6 17. Bxf6 Nxf6 18. Nd4 Nh5 19. Nxe6 dxe6 20. Bxe6+ Kh8 21. Bxc8 Bxc8 22. Qd6 Qf7 23. Rd3 h6 24. Rhd1 Kh7 25. Rc3 Re8 26. a3 Rf8 27. Rg1 Qf6 28. Qxf6 Nxf6 29. Rc7 Rg8 30. Kc1 Nd7 31. f4 Nf6 32. Re7 h5 33. f5 h4 34. Kd2 Kh6 35. Ke2 g6 36. Kf3 Nh7 37. Rxg6+ Rxg6 38. fxg6 Kxg6 39. Rc7 Ng5+ 40. Ke3 Be6 41. Rc6 Kf6 42. Rxa6 Ke5 43. Rc6 Bd7 44. Rc5+ Kf6 45. Rd5 Be8 46. Rf5+ Kg6 47. Kf4 Nf7 48. e5 Nd8 49. Rf6+ Kg7 50. Rd6 Nf7 51. Rb6 Kf8 52. e6 Nd8 53. Ke5 Ke7 54. Kd5 h3 55. Ra6 Kf6 56. b3 Bh5 57. e7+ Kxe7 58. Rh6 Bg4 59. Kc5 Bd7 60. c4 bxc4 61. bxc4 Nf7 62. Rh4 Ng5 63. Kb6 Nf3 64. Rh7+ Kd8 65. c5 Ne5 66. Rh8+ Ke7 67. Kc7 Bg4 68. c6 Nf3 69. Kb8 Nxh2 70. c7 Nf3 71. c8=Q Bxc8 72. Kxc8 h2 73. Kc7 Ke6 74. a4 Kd5 75. a5 1-0

[Event "World op"]
[Site "Arlington USA"]
[Date "2014.07.03"]
[Round "3"]
[White "Shulman, Yuri"]
[Black "Preotu, Razvan"]
[Result "1/2-1/2"]
[WhiteElo "2568"]
[BlackElo "2341"]
[WhiteFideId "-1"]
[WhiteFideId "-1"]
[PlyCount "194"]
[GameId "2130307669604208"]
[EventDate "2014.06.30"]
[EventType "swiss"]
[EventRounds "9"]
[EventCountry "USA"]
[SourceTitle "10 Days #404"]
[Source "Chess Mix"]

1. d4 Nf6 2. c4 c5 3. d5 e6 4. Nc3 exd5 5. cxd5 d6 6. e4 g6 7. f4 Bg7 8. Bb5+ Nfd7 9. Bd3 Qh4+ 10. g3 Qe7 11. Nf3 O-O 12. O-O Nb6 13. Kg2 Na6 14. h3 c4 15. Bc2 Nc5 16. Re1 Bd7 17. Be3 Rac8 18. e5 Rfe8 19. a4 Nd3 20. Bxd3 cxd3 21. Bxb6 axb6 22. Qxd3 dxe5 23. fxe5 Qb4 24. Qd2 Rc4 25. Re2 h6 26. d6 Bc6 27. Nd5 Qc5 28. b3 Rxe5 29. bxc4 Rxe2+ 30. Qxe2 Bxa1 31. Qd1 Bxd5 32. Qxd5 Qxd5 33. cxd5 Kf8 34. Nd2 Ke8 35. Nc4 Kd7 36. Kf3 Bc3 37. g4 f6 38. Ke4 Bb4 39. h4 h5 40. gxh5 gxh5 41. Kf5 Be1 42. Kxf6 Bxh4+ 43. Kg6 Bg3 44. Kxh5 Bxd6 45. Nxb6+ Kc7 46. Nc4 Kd7 47. Kg4 Bf8 48. Kf5 Bg7 49. Ke4 Ba1 50. Kd3 Bf6 51. Nd2 Bd8 52. Kc4 Bb6 53. Nb3 Kd6 54. Nd4 Ke5 55. Nb5 Bg1 56. Nc7 Kd6 57. Ne6 Bb6 58. Ng5 Be3 59. Ne4+ Kd7 60. Kb5 Bg1 61. Kb4 Kc7 62. Kc4 Kd7 63. Kd3 Bb6 64. Nd2 Ba5 65. Nc4 Be1 66. Ke4 Bc3 67. Ke3 Kc7 68. Kd3 Ba1 69. Na5 Bf6 70. Kc4 Bh4 71. Kd4 Bf6+ 72. Kd3 Bh4 73. Nb3 Kd6 74. Kc4 Bf2 75. Nd2 Bg1 76. Ne4+ Kc7 77. Nc5 Bh2 78. Ne6+ Kd6 79. Ng5 Bg1 80. Ne4+ Kc7 81. Kc3 Kd7 82. Kd3 Kc7 83. Nd2 Bc5 84. Nc4 Bf8 85. Kd4 Kd7 86. Na5 Kc7 87. Ke5 Bb4 88. Nc4 Bc3+ 89. Ke6 Bb4 90. d6+ Bxd6 91. Nxd6 Kb6 92. Nb5 Ka5 93. Nc3 Kb4 94. Kd5 Kxc3 95. Kc5 Kb3 96. Kb5 b6 97. Kxb6 Kxa4 1/2-1/2

[Event "World op"]
[Site "Arlington USA"]
[Date "2014.07.04"]
[Round "5.2"]
[White "Smirin, Ilia"]
[Black "Preotu, Razvan"]
[Result "1-0"]
[WhiteElo "2647"]
[BlackElo "2341"]
[WhiteFideId "-1"]
[WhiteFideId "-1"]
[PlyCount "55"]
[GameId "2129404783428777"]
[EventDate "2014.06.30"]
[EventType "swiss"]
[EventRounds "9"]
[EventCountry "USA"]
[SourceTitle "10 Days #404"]
[Source "Chess Mix"]
[WhiteClock "0:41:04"]
[BlackClock "0:15:32"]

1. e4 c5 2. Nf3 Nc6 3. Bb5 g6 4. c3 Nf6 5. Qe2 a6 6. Bxc6 bxc6 7. O-O Bg7 8. d4 cxd4 9. cxd4 d5 10. e5 Ne4 11. Ng5 Nxg5 12. Bxg5 Qb6 13. Qd2 a5 14. Nc3 a4 15. Rac1 Bf5 16. Rfe1 Ra7 17. a3 Qb3 18. Re3 Rb7 19. Nd1 Qb6 20. Rec3 Bd7 21. Rc5 Qb3 22. R1c3 Qb6 23. h3 Qd8 24. Bh6 O-O 25. h4 Re8 26. h5 Bh8 27. Rg3 Qb6 28. Qc2 1-0

[Event "World op"]
[Site "Arlington USA"]
[Date "2014.07.06"]
[Round "8"]
[White "Preotu, Razvan"]
[Black "Fishbein, Alexander"]
[Result "1-0"]
[WhiteElo "2341"]
[BlackElo "2479"]
[WhiteFideId "-1"]
[WhiteFideId "-1"]
[PlyCount "99"]
[GameId "2130307669608374"]
[EventDate "2014.06.30"]
[EventType "swiss"]
[EventRounds "9"]
[EventCountry "USA"]

1. e4 c5 2. Nf3 d6 3. d4 cxd4 4. Nxd4 Nf6 5. Nc3 Nc6 6. Bg5 e6 7. Qd2 Be7 8. O-O-O O-O 9. f3 Nxd4 10. Qxd4 a6 11. h4 b5 12. Kb1 Bb7 13. Bd3 Qc7 14. Qe3 b4 15. Ne2 a5 16. h5 Qc5 17. Qxc5 dxc5 18. h6 g6 19. Bc4 Rfe8 20. Nf4 Bc6 21. e5 Nd7 22. Bxe7 Rxe7 23. Rhe1 Nb6 24. Rd6 Rc8 25. Red1 Nxc4 26. Rxc6 Ree8 27. Rxc8 Rxc8 28. Re1 Kf8 29. Nh3 Rd8 30. Kc1 Rd4 31. g3 Rd2 32. Ng5 Rh2 33. Nxh7+ Ke7 34. Nf6 Nxe5 35. Rxe5 Kxf6 36. Rxc5 Rxh6 37. Rxa5 Rh3 38. Rb5 Rxg3 39. f4 Rg1+ 40. Kd2 Ra1 41. Rxb4 e5 42. a3 exf4 43. Rxf4+ Ke6 44. Re4+ Kd5 45. Re1 Rxe1 46. Kxe1 f5 47. a4 g5 48. a5 f4 49. c4+ Kc5 50. b4+ 1-0

[Event "Chicago op"]
[Site "Wheeling USA"]
[Date "2014.05.24"]
[Round "4.12"]
[White "Holt, Conrad"]
[Black "Preotu, Razvan"]
[Result "1-0"]
[WhiteElo "2555"]
[BlackElo "2339"]
[WhiteFideId "-1"]
[WhiteFideId "-1"]
[PlyCount "89"]
[GameId "2130307671424418"]
[EventDate "2014.05.22"]
[EventType "swiss"]
[EventRounds "9"]
[EventCountry "USA"]
[SourceTitle "10 Days #400"]
[Source "Chess Mix"]

1. d4 Nf6 2. c4 c5 3. d5 e6 4. Nc3 exd5 5. cxd5 d6 6. e4 g6 7. h3 Bg7 8. Nf3 O-O 9. Bd3 b5 10. Nxb5 Re8 11. Nd2 Nxd5 12. Nc4 Re6 13. O-O Nb4 14. f4 Ba6 15. f5 Re7 16. a4 d5 17. Bg5 dxc4 18. Bxc4 Qxd1 19. Raxd1 Rd7 20. f6 h6 21. Bd2 Bf8 22. e5 Kh7 23. Bc3 N4c6 24. Bd5 Bb7 25. e6 fxe6 26. Bxe6 Rxd1 27. Rxd1 Nd4 28. Nc7 Na6 29. Nxa8 Bxa8 30. Bc4 Nb4 31. Kf2 Bd5 32. Bxd5 Nxd5 33. Bxd4 cxd4 34. Kf3 Bc5 35. Rc1 Bb6 36. a5 Bd8 37. Rc8 Bxf6 38. Ra8 g5 39. Rxa7+ Kg6 40. Rd7 Nb4 41. Rd6 Nd3 42. a6 Ne5+ 43. Ke4 Nc4 44. Rc6 d3 45. a7 1-0

[Event "Chicago op"]
[Site "Wheeling USA"]
[Date "2014.05.26"]
[Round "9.9"]
[White "Preotu, Razvan"]
[Black "Sadorra, Julio"]
[Result "0-1"]
[WhiteElo "2339"]
[BlackElo "2611"]
[WhiteFideId "-1"]
[WhiteFideId "-1"]
[PlyCount "100"]
[GameId "2130307671432688"]
[EventDate "2014.05.22"]
[EventType "swiss"]
[EventRounds "9"]
[EventCountry "USA"]
[SourceTitle "10 Days #400"]
[Source "Chess Mix"]

1. e4 e6 2. d4 d5 3. Nd2 Be7 4. Ngf3 Nf6 5. e5 Nfd7 6. Bd3 c5 7. c3 Nc6 8. O-O g5 9. dxc5 g4 10. Nd4 Ncxe5 11. N2b3 Nxc5 12. Nxc5 Bxc5 13. Bf4 f6 14. Bxe5 fxe5 15. Nb3 Bb6 16. Qxg4 Qf6 17. Bb5+ Kf7 18. Qh5+ Ke7 19. Rae1 a6 20. Ba4 Qf4 21. c4 Rf8 22. cxd5 Qxa4 23. Qxh7+ Kd6 24. dxe6 Qf4 25. e7 Re8 26. Rd1+ Bd4 27. Nxd4 exd4 28. Qg7 Kd5 29. Rfe1 Bg4 30. Qg6 Rg8 31. Qb6 Bxd1 32. Qe6+ Kc5 33. Re5+ Qxe5 34. Qxe5+ Kc4 35. f4 Bf3 36. g3 Kd3 37. f5 Rac8 38. Qf4 Ke2 39. Qe5+ Kd3 40. Qf4 Ke2 41. Qe5+ Kd3 42. f6 Rc1+ 43. Kf2 Be4 44. Qf4 Rh8 45. g4 Rc2+ 46. Ke1 Re2+ 47. Kd1 Rhxh2 48. Qf1 Rhf2 49. Qg1 Rxb2 50. Ke1 Rfe2+ 0-1